Central Library OPAC University of Rajshahi

প্রসস্তি ও প্রার্থনা / (Record no. 54110)

MARC details
000 -LEADER
fixed length control field 00763nam a2200229 a 4500
001 - CONTROL NUMBER
control field 54110
003 - CONTROL NUMBER IDENTIFIER
rucl marc code BD-RjUL
005 - DATE AND TIME OF LATEST TRANSACTION
control field 20211209080056.0
008 - FIXED-LENGTH DATA ELEMENTS--GENERAL INFORMATION
fixed length control field 161101s1968 bg ||||| |||| 00| 0 ben d
035 ## - SYSTEM CONTROL NUMBER
System control number (BD-RjUL)54232
040 ## - CATALOGING SOURCE
Original cataloging agency BD-RjUL
Language of cataloging ben
Transcribing agency BD-RjUL
Modifying agency BD-RjUL
041 ## - LANGUAGE CODE
Language code of text/sound track or separate title ben
082 ## - DEWEY DECIMAL CLASSIFICATION NUMBER
Edition number 23
Classification number 891.441
Author mark and year KAP 1968
100 ## - MAIN ENTRY--PERSONAL NAME
Personal name কামাল, সুফিয়া
9 (RLIN) 119184
245 10 - TITLE STATEMENT
Title প্রসস্তি ও প্রার্থনা /
Statement of responsibility, etc. সুফিয়া কামাল
250 ## - EDITION STATEMENT
Edition statement ১ম সং.
260 ## - PUBLICATION, DISTRIBUTION, ETC. (IMPRINT)
Place of publication, distribution, etc. ঢাকা :
Name of publisher, distributor, etc. বুক ভিলা,
Date of publication, distribution, etc. ১৯৬৮
300 ## - PHYSICAL DESCRIPTION
Pagination ৮২ পৃ. ;
Size ২১ সেমি.
650 ## - SUBJECT ADDED ENTRY--TOPICAL TERM
Topical term or geographic name as entry element বাংলা কবিতা
9 (RLIN) 161548
Topical term or geographic name as entry element Bengali Poetry
9 (RLIN) 161549
942 ## - ADDED ENTRY ELEMENTS (KOHA)
Source of classification or shelving scheme Dewey Decimal Classification
Koha item type Books
Holdings
Lost status Source of classification or shelving scheme Damaged status Not for loan Collection code Permanent Location Current Location Shelving location Date acquired Source of acquisition Total Checkouts Full call number Date last seen Copy number Koha item type
  Dewey Decimal Classification     Non-fiction Central Library, University of Rajshahi Central Library, University of Rajshahi   04/11/1968 Youreka   B 891.441 KAP 1968 01/11/2016 C-2 Books